Linear statistical inference and its applications (Record no. 190)

MARC details
000 -LEADER
fixed length control field 00504 a2200193 4500
001 - CONTROL NUMBER
control field 065969
003 - CONTROL NUMBER IDENTIFIER
control field OSt
005 - DATE AND TIME OF LATEST TRANSACTION
control field 20251210145236.0
008 - FIXED-LENGTH DATA ELEMENTS--GENERAL INFORMATION
fixed length control field
082 ## - DEWEY DECIMAL CLASSIFICATION NUMBER
Classification number 519.5
Item number R18L
100 1# - MAIN ENTRY--PERSONAL NAME
Personal name Rao, C. Radhakrishan
245 1# - TITLE STATEMENT
Title Linear statistical inference and its applications
Statement of responsibility, etc By C. Radhakrishan Rao
250 ## - EDITION STATEMENT
Edition statement 2nd ed.
260 ## - PUBLICATION, DISTRIBUTION, ETC. (IMPRINT)
Place of publication, distribution, etc India
Name of publisher, distributor, etc Wiley
Date of publication, distribution, etc 2006
300 ## - PHYSICAL DESCRIPTION
Extent 625p.
500 ## - GENERAL NOTE
General note English
690 ## - LOCAL SUBJECT ADDED ENTRY--TOPICAL TERM (OCLC, RLIN)
Topical term or geographic name as entry element Mathematical statistics; Statistics
942 ## - ADDED ENTRY ELEMENTS (KOHA)
Source of classification or shelving scheme Dewey Decimal Classification
Koha item type Books
Holdings
Withdrawn status Lost status Source of classification or shelving scheme Damaged status Not for loan Collection code Home library Current library Department Date acquired Source of acquisition Coded location qualifier Cost, normal purchase price Inventory number(Invoice/Date) Full call number Barcode Date last seen Price effective from Koha item type Public note
    Dewey Decimal Classification     General Text Book Central University Of Rajasthan Central University Of Rajasthan Statistics 07/03/2012 STT Book Fair 495.00 029/03-02-2010 519.5 R18L 255 21/11/2024 02/09/2020 Books Boston John And Bartlett